| 000 | 00000nam##2200000za#4500 |
| 001 | 9.695896 |
| 003 | CaOODSP |
| 005 | 20210624234803 |
| 007 | cr ||||||||||| |
| 008 | 150407|2000||||xxc|||||o f|0| 0 eng|d |
| 040 | |aCaOODSP|beng |
| 043 | |an-cn--- |
| 086 | 1 |aSC94-74/2000-1E-PDF |
| 110 | 1 |aCanada.|bCanadian Centre for Management Development. |
| 245 | 12|aA public service learning organization - from coast to coast : |h[electronic resource]|bdirections for the future |
| 260 | |aOttawa - Ontario : |bCanadian Centre for Management Development |cJune 2000. |
| 300 | |a56p.|breferences |
| 500 | |aThe catalogue number (SC94-74/2000-1) and ISBN (0-662-65065-4) for the bilingual print edition have been incorrectly copied in this electronic publication. |
| 590 | |a12-16-Supp|b2012-04-17 |
| 690 | 07|aPolicy development|2gcpds |
| 690 | 07|aProfessional development|2gcpds |
| 690 | 07|aPublic service|2gcpds |
| 775 | 08|tLa fonction publique - une organisation apprenante d'un océan à l'autre : |w(CaOODSP)9.640016 |
| 856 | 40|ahttp://publications.gc.ca|qPDF|s636 KB|uhttps://publications.gc.ca/collections/Collection/SC94-74-2000-1E.pdf |